000 00503nam a22001697a 4500
008 230324b |||||||| |||| 00| 0 eng d
020 _a0-672-27307-1
040 _aNational Science Library
_cNational Science Library
080 _aD 681.3.06WP5.1
_bN0
100 _aBarnes, Kate
_94960
245 _aFirst book of wordperfect 5.1
260 _aUSA:
_bHoward W.Sams & Company,
_c1990
300 _axiii, 274p.
650 _aInformation technology
653 _aComputer novice
942 _2udc
_cBK
999 _c14313
_d14313